Statistiques concernant Dirigeants des pays n°10

Cliquez ici pour prendre le quiz!

Statistiques générales

  • Ce quiz a été pris 3 fois
  • Le résultat moyen est 3 sur 14

Statistiques - réponses

PaysDirigeants% Correct
MexiqueAndrés Manuel López Obrador
100%
NicaraguaDaniel Ortega
50%
PérouMartín Vizcarra
50%
SalvadorNayib Bukele
50%
République DomincaineDanilo Medina
0%
SurinameDesi Bouterse
0%
PanamaLaurentino Cortizo
0%
ParaguayMario Abdo
0%
Sainte-LucieNeville Cenac
0%
VenezuelaNicolás Maduro Moros
0%
Trinité-et-TobagoPaula-Mae Weekes
0%
Saint-Vincent-et-les-GrenadinesSusan Dougan
0%
UruguayTabaré Vázquez
0%
Saint-Christophe-et-NiévèsTapley Seaton
0%

Distribution des résultats

Percentile par nombre de réponses

% des personnes avec chaque résultat

Votre développement - résultats

Vous n’avez pas pris ce quiz